One Piece - Lettre E - Statistiques

Statistiques générales
  • Ce quiz a été pris 107 fois
    67 depuis la dernière actualisation
  • Le résultat moyen est 18 sur 25
Statistiques - réponses
Indice Réponse % Correct
Dieu vivant à Upper Yard Ener
100%
Mer natale du roi des pirates East Blue
97%
Auteur de l'œuvre Eiichiro Oda
92%
Pirate étant considérer comme l'homme le plus fort du monde Edward Newgate
90%
Île des géants située dans le nouveau monde Erbaf
90%
Île Judiciaire qui a été le théâtre des premier bouleversement de One Piece Enies Lobby
88%
Zoro veut en devenir le meilleur du monde Epéiste
87%
Animal qui porte la principauté de Mokomo depuis au moins 800 ans Elephant
85%
Sabre d'Oden qui à ensuite été transmis à Zoro Enma
83%
Boussole pointant vers une seule et unique île Eternal Pose
82%
Trou de deux ans au milieu de l'histoire de One Piece Ellipse
78%
Capitaines pirates régissant les mers Empereur
78%
Etat d'un fruit du démon qui permet d'imprégner l'environnement de son pouvoir Eveil
77%
Le pouvoir que maîtrise Gem, surnomé mr. 5 Explosion
73%
Zoro en est devenu le seigneur après son combat contre King Enfer
72%
Île surplombée d'une île céleste en forme d'Œuf EggHead
63%
Nom d'une attaque de Luffy combinant le Gear 3 et le fuilde Elephant Gun
60%
Ceux qui l'armée révolutionnaire veulent libérer Esclave
60%
Robot légendaire qui a attaqué Mary Geoise 200 ans avant le voyage de Luffy Emeth
58%
le nom d'un groupe de pirate Equipage
55%
Fruit du démon de Perona, qui lui permet de se rendre intangible Ectoplasme
53%
Dirigeant du Royaume de Prodence Elizabello II
48%
Nom du pouvoir que maîtrise les Minks Electro
38%
Punition infligé au criminel sur Skypiea Exil sur un nuage
32%
Surnom que l'on donne à certain personnage pour les décrire Épithète
12%
Aucun quiz correspondant
Distribution des résultats
% des personnes avec chaque résultat
Percentile par nombre de réponses
Votre historique - résultats
Vous n’avez pas pris ce quiz depuis la dernière actualisation